Sports Quiz

Random Sports or Cricket Quiz

ICC World Cup Quiz Stats

 Plays Quiz not verified by Sporcle

Also try: NFL Top 5 Passers
Challenge
Share
Tweet
Embed
Score 0/19 Timer 08:00
0 Plays Today
Span of appearances Country % Correct
1975-2011India
99.3%
1975-2011England
98.7%
1975-2011Australia
98%
1975-2011Pakistan
96.7%
1975-2011New Zealand
96.1%
1999-2011Bangladesh
95.4%
1975-2011Sri Lanka
94.1%
1992-2011South Africa
94.1%
1975-2011West Indies
93.5%
2007-2011Ireland
93.5%
Span of appearances Country % Correct
1983-2011Zimbabwe
90.2%
1999-2007Scotland
89.5%
1996-2011Netherlands
85.6%
1996-2011Kenya
81%
1979-2011Canada
77.8%
2007Bermuda
68.6%
2003Namibia
62.1%
1975East Africa
51.6%
1996United Arab Emirates
38.6%

You're not logged in!

Compare scores with friends on all Sporcle quizzes.
OR
Log In

You Might Also Like...

Show Comments

Extras

Top Quizzes Today


Score Distribution

Your Account Isn't Verified!

In order to create a playlist on Sporcle, you need to verify the email address you used during registration. Go to your Sporcle Settings to finish the process.

Report this User

Report this user for behavior that violates our Community Guidelines.

Details: